| 000 | 00572nam a22002410a 4500 | ||
|---|---|---|---|
| 001 | PT34665 | ||
| 003 | AR-LpoUNG | ||
| 005 | 20210131230209.0 | ||
| 008 | 191001s2006||||ck |||||||||||||||||spa d | ||
| 020 |
_a9580494088 _c$4.90 |
||
| 040 |
_aAR-LpoUNG _bspa _cAR-LpoUNG _eaacr |
||
| 041 | _aspa | ||
| 044 | _ack | ||
| 082 | 0 | _a808.068 3 311tig | |
| 100 | 1 | _aKasza, Keiko | |
| 245 | 1 | 3 | _aEl tigre y el ratón |
| 260 |
_aBogotá : _bNorma, _c2006. |
||
| 300 |
_a32 p. : _bil. |
||
| 650 | 4 | _aCUENTOS | |
| 653 | _aLITERATURA INFANTIL | ||
| 905 | _a34665 | ||
| 942 | _cLIB | ||
| 999 |
_c2049 _d2049 |
||